000 00731nam a2200205 i 4500
001 141716
003 ES-MaACL
005 20230906200343.0
007 t|
008 070927s1951 sp |||| | spa d
100 1 _aVukota, Pedro.
_9115777
245 1 0 _aFormas estatales en los Balcanes /
_cPedro Vukota ; prólogo, José Mª Cordero Torres.
260 _aMadrid :
_bSociedad de Estudios Internacionales y Coloniales,
_c1951.
300 _a243 p. ;
_c21 cm.
651 4 _aPaíses balcánicos-
_xPolítica y gobierno.
_9166175
700 1 _aCordero Torres, José María,
_d1909-1977
_940527
710 2 _aSociedad de Estudios Internacionales y Coloniales.
_96670
852 _aES-MaACL
_jD-5384
999 _c141716
_d141716